<?xml version="1.0" encoding="UTF-8"?><?xml-stylesheet type="text/xsl" href="static/style.xsl"?><OAI-PMH xmlns="http://www.openarchives.org/OAI/2.0/" xmlns:xsi="http://www.w3.org/2001/XMLSchema-instance" xsi:schemaLocation="http://www.openarchives.org/OAI/2.0/ http://www.openarchives.org/OAI/2.0/OAI-PMH.xsd"><responseDate>2026-06-07T11:29:18Z</responseDate><request verb="GetRecord" identifier="oai:docta.ucm.es:20.500.14352/104782" metadataPrefix="marc">https://docta.ucm.es/rest/oai/request</request><GetRecord><record><header><identifier>oai:docta.ucm.es:20.500.14352/104782</identifier><datestamp>2025-07-16T15:30:48Z</datestamp><setSpec>com_20.500.14352_14</setSpec><setSpec>col_20.500.14352_15</setSpec></header><metadata><record xmlns="http://www.loc.gov/MARC21/slim" xmlns:dcterms="http://purl.org/dc/terms/" xmlns:xsi="http://www.w3.org/2001/XMLSchema-instance" xmlns:doc="http://www.lyncode.com/xoai" xsi:schemaLocation="http://www.loc.gov/MARC21/slim http://www.loc.gov/standards/marcxml/schema/MARC21slim.xsd">
   <leader>00925njm 22002777a 4500</leader>
   <datafield ind2=" " ind1=" " tag="042">
      <subfield code="a">dc</subfield>
   </datafield>
   <datafield ind2=" " ind1=" " tag="720">
      <subfield code="a">Singh, Manish K.</subfield>
      <subfield code="e">author</subfield>
   </datafield>
   <datafield ind2=" " ind1=" " tag="720">
      <subfield code="a">Gómez Puig, Marta</subfield>
      <subfield code="e">author</subfield>
   </datafield>
   <datafield ind2=" " ind1=" " tag="720">
      <subfield code="a">Sosvilla Rivero, Simón Javier</subfield>
      <subfield code="e">author</subfield>
   </datafield>
   <datafield ind2=" " ind1=" " tag="260">
      <subfield code="c">2021</subfield>
   </datafield>
   <datafield ind2=" " ind1=" " tag="520">
      <subfield code="a">The choice of the optimal sovereign risk indicator is crucial in the context of the euro area (EA) countries, which faced a fierce sovereign debt crisis. Traditional indicators of sovereign risk (CDS, bond yields, and credit rating) do not take into consideration the priority structure of creditors and are highly influenced by market sentiment. We propose a new indicator (distance to default, DtD) to quantify sovereign risk for eleven EA countries over the period 2004Q1-2019Q4. Using contingent claims' methodology, DtD incorporates the seniority structure of creditors in an existing theoretical model. Our results suggest that (1) DtD is a leading indicator of sovereign risk and (2) adding information from the public sector's balance sheet structure to market information, helps better incorporate macroeconomic fundamentals in the sovereign risk measure, overcoming some of the weaknesses documented in the traditional indicators.</subfield>
   </datafield>
   <datafield ind1="8" ind2=" " tag="024">
      <subfield code="a">Singh, M. K., Gómez-Puig, M., Sosvilla-Rivero, S. Quantifying sovereign risk in the euro area. Economic Modelling, Volume 95, 2021, Pages 76-96.</subfield>
   </datafield>
   <datafield ind1="8" ind2=" " tag="024">
      <subfield code="a">0264-9993</subfield>
   </datafield>
   <datafield ind1="8" ind2=" " tag="024">
      <subfield code="a">10.1016/j.econmod.2020.12.010</subfield>
   </datafield>
   <datafield ind1="8" ind2=" " tag="024">
      <subfield code="a">https://hdl.handle.net/20.500.14352/104782</subfield>
   </datafield>
   <datafield ind1="8" ind2=" " tag="024">
      <subfield code="a">https://doi.org/10.1016/j.econmod.2020.12.010</subfield>
   </datafield>
   <datafield ind2="0" ind1="0" tag="245">
      <subfield code="a">Quantifying sovereign risk in the euro area</subfield>
   </datafield>
</record></metadata></record></GetRecord></OAI-PMH>